000 01072nam a22003497a 4500
001 BR7700371
003 BR-BrBNA
005 20230928085149.0
007 ta
008 230509b bl.||||| |||| 00| 0 por d
040 _aBR-BrBNA
_bpor
_cBiblioteca Nacional de Agricultura
041 _a(Por)
072 _aE30
_b/G514
090 _ E30 BR7700371
100 1 _aPessoa, J.V.
110 1 _aSecretaria da Agricultura e Abastecimento, Fortaleza, CE (Brasil)
_98296
245 1 _aPolitica governamental e desenvolvimento agropecuario do Ceara [projeto agricola, projeto pecuario, cooperativismo, mecanizacao, financiamento, pesquisa, Brasil]
260 3 _aFortaleza, CE (Brasil):
_c1976.
300 _a64 p.
500 _a51 tables
650 _aPOLITICA GOVERNAMENTAL
650 _aPROJETO AGRICOLA
650 _aTREINAMENTO
650 _aMAO-DE-OBRA
650 _aCREDITO RURAL
650 _aASSISTENCIA TECNICA
650 _aEXTENSAO RURAL
650 _aPROJETO PECUARIO
650 _aCEARA
909 _a202309
_bLucia
_c55
_dLucia Elande
942 _cBK
999 _c23082
_d23082